Elecciones regionales de 1995: la consolidación de la abstención, el personalismo y la desalineación /
Furkejuvvon:
| Váldodahkki: | |
|---|---|
| Eará dahkkit: | |
| Materiálatiipa: | Texto |
| Fáddágilkorat: |
Lasit fáddágilkoriid
Eai fáddágilkorat, Lasit vuosttaš fáddágilkora!
|
MARC
| LEADER | 00000 a a2200000 04500 | ||
|---|---|---|---|
| 001 | 46720 | ||
| 003 | |||
| 040 | |||
| 100 | |a Molina Vega, José E. | ||
| 245 | |a Elecciones regionales de 1995: |b la consolidación de la abstención, el personalismo y la desalineación / |c José E. Molina Vega, Carmen Pérez Baralt | ||
| 700 | |a Pérez Baralt, Carmen | ||
| 773 | |g número16 ( , 1996), páginas 73-90 : tablas, gráficos | ||
| 999 | |c 33310 |d 33310 | ||
